000 00284nam a22001337a 4500
008 170814b xxu||||| |||| 00| 0 eng d
020 _a9780618317974
041 _aeng
080 _26TH
_a51
100 _a36
101 _aMAT
245 _aTRIGONOMETRY
_cLARSON,R
942 _2udc
_cBK
999 _c23266
_d23266